| 000 | 00447nam a22001817a 4500 | ||
|---|---|---|---|
| 003 | CEME | ||
| 005 | 20210628205430.0 | ||
| 008 | 210316b xxu||||| |||| 00| 0 eng d | ||
| 020 | _a0-7230-0880-9 | ||
| 040 | _c. | ||
| 082 | _a912 TIM'E | ||
| 100 |
_aTimes _975524 |
||
| 245 | _aThe times atlas of the world compact edition | ||
| 260 |
_aLONDON _bTIMES BOOKS _c1998 |
||
| 300 | _a112P,ILLS | ||
| 650 |
_aATLAS-WORLD _975525 |
||
| 942 |
_cBK _2ddc |
||
| 999 |
_c580926 _d580926 |
||